| 000 | | | 05124cmc2a2200265#x 450 |
| 001 | | | a21557bd-9ac8-4845-9e4c-03d136e55422 |
| 005 | | | 20230530120132.0 |
| 100 | ## | $a | 20211219l19251925k y0rusy50 ca |
| 101 | 0# | $a | rus |
| | $a | ukr |
| 102 | ## | $a | RU |
| 105 | ## | $a | y z ||||| |
| 122 | 2# | $a | d19250227 |
| | $a | d19250615 |
| 200 | 1# | $a | О переименовании станции "Щегловка 2" в станцию "Кальмиус" |
| | $j | 27.02.1925 - 15.06.1925 |
| 215 | ## | $a | 8 листов |
| 251 | ## | $c | Дело |
| 300 | ## | $a | В деле обратная нумерация |
| 300 | ## | $a | Часть текста на украинском языке |
| 300 | ## | $a | Часть текста машинописная и рукописная, часть - напечатана типографским способом |
| 324 | ## | $a | В деле имеются копии отдельных документов |
| 461 | #0 | $1 | 001796d4672-8a00-4986-b488-6e42273792cc |
| | $1 | 2001 |
| | $a | ЦЕНТРАЛЬНЫЙ ИСПОЛНИТЕЛЬНЫЙ КОМИТЕТ СССР (ЦИК СССР) |
| | $1 | 251 |
| | $c | Фонд |
| | $1 | 852 |
| | $g | Р |
| | $j | 3316 |
| 462 | #0 | $1 | 001695fbc83-70c9-44d4-9de9-10349b3c2ddf |
| | $1 | 2001 |
| | $a | Дела Секретариата Президиума ЦИК Союза ССР за 1925 г. |
| | $v | Д. 770 |
| | $1 | 251 |
| | $c | Опись |
| | $1 | 852 |
| | $j | 18 |
| 801 | #0 | $a | RU |
| | $b | GA_RF |
| 801 | #1 | $a | RU |
| | $b | ГлавНИВЦ |
| | $c | 20211219 |
| | $2 | rusmarc |
| 801 | #2 | $a | RU |
| | $b | ПБ им. Б.Н. Ельцина |
| | $c | 20220202 |
| | $g | RCR |
| | $2 | rusmarc |
| 852 | ## | $a | ГА РФ |
| | $j | 770 |
| 937 | ## | $d | 173697571 |
| | $h | ГАРФ |
| 035 | ## | $a | RuPRLIB51065850 |
| 856 | ## | $u | http://readingroom.main.prlib.ru/item.aspx?id_node=n173697571&mode=full |
| 850 | ## | $a | Государственный архив Российской Федерации |
| 601 | 02 | $2 | nlr_sh |
| | $3 | RU\NLR\AUTH\66296610 |
| | $a | Екатерининская железная дорога |
| | $j | Архивные дела |
| 607 | ## | $2 | prlib_sh |
| | $3 | LIBNET\UAF\0000107342 |
| | $a | Макеевка, город (Донецкая Народная Республика) |
| | $j | Архивные дела |
| | $x | История |
| 605 | ## | $2 | acquisition_Prlib |
| | $3 | LIBNET\UAF\0000107260 |
| | $a | Донецкая Народная Республика: страницы истории |
| | $l | коллекция |
| 605 | ## | $2 | acquisition_Prlib |
| | $3 | DITM\AF\0000002775 |
| | $a | Власть |
| | $l | коллекция |
| 686 | ## | $2 | rubbk |
| | $a | 63.3(2)61-2ю1 |
| | $v | LBC/M |
| 686 | ## | $2 | rubbk |
| | $a | 39.20ю1 |
| | $v | LBC/M |